000 00339nam a22001457a 4500
008 210528b ||||| |||| 00| 0 eng d
020 _a0721691692
041 _aeng
080 _a616-053.2
082 _a616-053.2
100 _a8
101 _aPED
245 _aComplications of Pediatric Surgery
_cKenneth J. Welch
942 _2udc
_cBK
999 _c57787
_d57787